Dictionnaire : Tous les mots commençant par J - Statistiques

Statistiques générales
  • Ce quiz a été pris 1 073 fois
  • Le résultat moyen est 61 sur 416
Statistiques - réponses
Début du mot (indice) Mot % Correct
j j
100%
je je
90%
ju jus
89%
jo joue
81%
je jeu
75%
ja jarre
66%
jo jour
66%
jo jouer
62%
jo joie
61%
ju jupe
61%
ju juste
61%
ju juré
60%
ja jamais
59%
ja jas
59%
jo journée
56%
ja jard
55%
je jet
55%
jo joli
55%
ja jardin
53%
ju juge
53%
jo jouet
52%
ju jurer
52%
ja jaune
49%
ju justice
48%
je jean
47%
je jeté
47%
jo joyeux
47%
ja jaguar
46%
ju juger
46%
ja jade
45%
je jeune
45%
jo journal
45%
ja jambe
44%
jo jouir
44%
ju jute
44%
ja japon
43%
je jeter
42%
ja jambon
41%
je jeudi
38%
ja japper
37%
ja jardinier
37%
ja jarret
37%
ju juillet
37%
ju juin
37%
ju jumel
37%
ja jardiner
36%
ju jumelle
35%
ju jument
35%
ju jury
35%
jo joute
34%
ju jupon
34%
ja jasmin
33%
jo jonc
33%
jo joueur
33%
jo journalier
33%
ju jugement
33%
ja jalon
32%
ja japonais
32%
ja javelot
32%
ja jazz
32%
jo jovial
32%
ju jumeau
32%
ja jack
31%
ja jaser
31%
jo joint
31%
ju jubilé
31%
ju justicier
31%
ja janvier
30%
ja jatte
30%
jo jonquille
30%
ju juriste
30%
ja jadis
29%
ja jaque
29%
ja jauge
29%
ja jaunisse
29%
ju justement
29%
ja java
28%
jo job
28%
ju jules
28%
je jeûner
27%
jo jongler
27%
jo joual
27%
ju judo
27%
ju juif
27%
ju juron
27%
ju juxta-
27%
ja jars
26%
je jeunesse
26%
jo joule
26%
jo journaliste
26%
ju jubiler
26%
ja jambonneau
25%
ja jante
25%
ju juxtaposé
25%
ja jaunir
24%
jo joindre
24%
ju jupette
24%
ju juter
24%
ja jambier
23%
ja jauger
23%
ju julien
23%
ju jumelé
23%
ja jabot
22%
ja jalonner
22%
ja jaloux
22%
ja jachère
21%
jo joker
21%
jo joliment
21%
jo jouissance
21%
ja jalousie
20%
ja jardinage
20%
jo jogging
20%
jo jojo
20%
ju jumeler
20%
ju jusque
20%
ju justesse
20%
ju juxtaposer
20%
ja jacasser
19%
ja jardinière
19%
jo joncher
19%
jo jongleur
19%
ju judoka
19%
ju jugulaire
19%
ja jais
18%
ja jambière
18%
ja jaquette
18%
je jetée
18%
jo jointé
18%
jo jouter
18%
jo joyau
18%
ju judas
18%
ju julienne
18%
ju justifier
18%
ju juteux
18%
ju juvénile
18%
jo joaillerie
17%
jo joujou
17%
ju jujube
17%
ju juridique
17%
ju juxtaposition
17%
ja jargon
16%
ja jaspe
16%
ja jaunâtre
16%
je jeton
16%
jo joyeusement
16%
ju judaïsme
16%
ju jungle
16%
ja jacinthe
15%
ja jacquet
15%
je jeep
15%
je jésus
15%
jo joaillier
15%
jo joug
15%
ja jappement
14%
jo jouissif
14%
ju jumelage
14%
ja jaillir
13%
jo jockey
13%
jo joufflu
13%
jo jouvence
13%
ju jucher
13%
ju justification
13%
ja jacter
12%
ja jalouser
12%
ja jardinerie
12%
ja javelle
12%
jo jointure
12%
ju jurisprudence
12%
ja jarretière
11%
ja javanais
11%
ja jazzman
11%
je jetable
11%
je jeunet
11%
je jeunot
11%
jo jogger
11%
jo jonglage
11%
jo jouée
11%
ju juguler
11%
ju juillettiste
11%
ju jujitsu
11%
ja jardinet
10%
ja jarreté
10%
jo joggeur
10%
jo journalisme
10%
ju judiciaire
10%
ju juridiction
10%
ja jambette
9%
ja jasper
9%
ja jaunissement
9%
je jeannette
9%
je jérémiade
9%
je jerk
9%
je jésuite
9%
jo jobard
9%
jo jokari
9%
jo jonglerie
9%
jo jovialité
9%
ju justiciable
9%
ju justificatif
9%
ja jacobin
8%
ja jaseur
8%
ja javelliser
8%
je jeteur
8%
ji jingle
8%
jo jojoba
8%
jo jonque
8%
jo jovialement
8%
ju jubilation
8%
ju junior
8%
ju jurassique
8%
ju justaucorps
8%
ja jacquerie
7%
ja jacuzzi
7%
ja jalonnement
7%
ja jalousement
7%
ja japonisant
7%
ja jazzy
7%
jo jober
7%
jo jouisseur
7%
jo journalistique
7%
jo jouvenceau
7%
jo jouxter
7%
jo joyeuseté
7%
ju jubilatoire
7%
ju judicieux
7%
ju jugeote
7%
ju junte
7%
ju jurassien
7%
ju jurement
7%
ja jaboter
6%
ja jacassement
6%
ja jackpot
6%
ja jacquard
6%
ja jaillissement
6%
ja jargonner
6%
ja jarretelle
6%
ja jaunet
6%
ja jaunissant
6%
je jerricane
6%
je jersey
6%
je jet-set
6%
je jet-ski
6%
jo joliesse
6%
jo jouable
6%
jo jouteur
6%
ju jubé
6%
ju judaïque
6%
ju jukebox
6%
ja jable
5%
ja jacquot
5%
ja jalonneur
5%
ja jambage
5%
ja jarreter
5%
ja jaugeur
5%
je jeunisme
5%
jo joignable
5%
jo jonction
5%
ju judéo-
5%
ju juiverie
5%
ju jureur
5%
ju juridiquement
5%
ja jacasserie
4%
ja jacasseur
4%
ja jaffe
4%
ja jaquier
4%
ja jaugeage
4%
je jetage
4%
jo jouette
4%
jo journellement
4%
ju judicieusement
4%
ju juridictionnel
4%
ju justifiable
4%
ju justifiant
4%
ja jabiru
3%
ja jabler
3%
ja jaillissant
3%
ja jalap
3%
ja janissaire
3%
ja jansénisme
3%
ja janséniste
3%
ja japonisme
3%
ja jasette
3%
ja javeler
3%
ja javeline
3%
ja jazz-band
3%
je jéroboam
3%
je jet-lag
3%
je jeûneur
3%
jo jointif
3%
jo jonchère
3%
jo jouasse
3%
jo joystick
3%
ju jubilant
3%
ju jugal
3%
ju jugeable
3%
ju jumping
3%
ju junkie
3%
ju jupitérien
3%
ja jabadao
2%
ja jabloir
2%
ja jacaranda
2%
ja jacée
2%
ja jacobinisme
2%
ja jactance
2%
ja jadéite
2%
ja jaffer
2%
ja jambonnette
2%
ja jamboree
2%
ja japonaiserie
2%
ja jaspiner
2%
ja javeau
2%
ja javeleur
2%
je jean-foutre
2%
je jéjunum
2%
je je-m'en-foutisme
2%
je jenny
2%
je jésuitisme
2%
je jet-setter
2%
je jeuniste
2%
jo jobiste
2%
jo jocrisse
2%
jo jodel
2%
jo jodhpur
2%
jo jointoyer
2%
jo jonchée
2%
jo jota
2%
jo jouabilité
2%
ju jubilaire
2%
ju judaïté
2%
ju judéité
2%
ju judéo-arabe
2%
ju judéo-chrétien
2%
ju judiciairement
2%
ju juponner
2%
ju jurançon
2%
ju jurisprudentiel
2%
ju jusant
2%
ju justificateur
2%
ja jaborandi
1%
ja jacobite
1%
ja jaconas
1%
ja jaculatoire
1%
ja jambose
1%
ja jambosier
1%
ja jam-session
1%
ja jangada
1%
ja jaquemart
1%
ja jargonaphasie
1%
ja jargonneux
1%
ja jarnicoton
1%
ja jaseran
1%
ja jaspure
1%
ja jaumière
1%
ja javart
1%
ja javelage
1%
ja javellisation
1%
ja jazz-funk
1%
je jean-le-blanc
1%
je jéjunal
1%
je jello
1%
je je-m'en-fichisme
1%
je je-m'en-fichiste
1%
je je-m'en-foutiste
1%
je je ne sais quoi
1%
je jerez
1%
je jersiais
1%
je jésuitique
1%
je jet-stream
1%
jo jobardise
1%
jo jocasse
1%
jo jointoiement
1%
jo joint-venture
1%
jo joncheraie
1%
jo jonchet
1%
jo joubarbe
1%
jo jovien
1%
jp jpeg
1%
ju juchée
1%
ju juchoir
1%
ju judaïcité
1%
ju judaïser
1%
ju judéo-allemand
1%
ju judéo-christianisme
1%
ju judéo-espagnol
1%
ju judiciarisation
1%
ju judiciariser
1%
ju jupe-culotte
1%
ju juridisme
1%
ju jurisconsulte
1%
ju jusée
1%
ju jusqu'au-boutisme
1%
ju jusqu'au-boutiste
1%
ju jusquiame
1%
ju juvénat
1%
ju juvénilité
1%
ju juxtalinéaire
1%
ju juxtaposable
1%
ja jarosse
0%
je jettatura
0%
jo johannique
0%
jo johannite
0%
jo jonchaie
0%
jo jottereau
0%
ju jubarte
0%
ju judelle
0%
ju judicature
0%
ju juliénas
0%
ju jumbo-jet
0%
ju junker
0%
ju junonien
0%
ju jurande
0%
ju juratoire
0%
ju jusques
0%
ju jussiée
0%
ju jussion
0%
ju juste-milieu
0%
Aucun quiz correspondant
Distribution des résultats
% des personnes avec chaque résultat
Percentile par nombre de réponses
Votre historique - résultats
Vous n’avez pas pris ce quiz